书目信息 |
| 题名: |
地形测量
|
|
| 作者: | 张晓东 主编 | |
| 分册: | ||
| 出版信息: | 哈尔滨 哈尔滨工程大学出版社[等] 2009.06 |
|
| 页数: | 255页 | |
| 开本: | 23cm | |
| 丛书名: | ||
| 单 册: | ||
| 中图分类: | P21 | |
| 科图分类: | ||
| 主题词: | 地形测量--di xing ce liang--职业教育--教材 | |
| 电子资源: | ||
| ISBN: | 978-7-81133-425-8 | |
| 000 | 00780nam0 2200241 450 | |
| 001 | 2375734831 | |
| 005 | 20231118210227.09 | |
| 010 | @a978-7-81133-425-8@dCNY43.00@z7-81133-425-9 | |
| 100 | @a20090905d2009 em y0chiy50 ea | |
| 101 | 0 | @achi |
| 102 | @aCN@b230000 | |
| 105 | @aak a 000yy | |
| 200 | 1 | @a地形测量@Adi xing ce liang@f张晓东主编 |
| 210 | @a哈尔滨@c哈尔滨工程大学出版社[等]@d2009.06 | |
| 215 | @a255页@c图@d23cm | |
| 300 | @a国防特色教材·职业教育 | |
| 320 | @a有书目 | |
| 330 | @a本书主要内容有: 绪论, 测量学的基本知识, 水准测量, 角度测量, 距离测量, 测量误差的基本知识等。 | |
| 606 | 0 | @a地形测量@Adi xing ce liang@x职业教育@j教材 |
| 690 | @aP21@v4 | |
| 701 | 0 | @a张晓东@Azhang xiao dong@4主编 |
| 801 | 0 | @aCN@bRENTIAN@c20090905 |
| 905 | @aBZT@dP21@e23 | |
| 地形测量/张晓东主编.-哈尔滨:哈尔滨工程大学出版社[等],2009.06 |
| 255页:图;23cm |
| 国防特色教材·职业教育 |
| ISBN 978-7-81133-425-8:CNY43.00 |
| 本书主要内容有: 绪论, 测量学的基本知识, 水准测量, 角度测量, 距离测量, 测量误差的基本知识等。 |
| ● |
| 相关链接 |
|
|
|
正题名:地形测量
索取号:P21/23
 
预约/预借
| 序号 | 登录号 | 条形码 | 馆藏地/架位号 | 状态 | 备注 |
| 1 | 2001064976 | 2001064976 | 东辅楼二楼书库/ [索取号:P21/23] | 在馆 | |
| 2 | 2001064977 | 2001064977 | 东辅楼二楼书库/ [索取号:P21/23] | 在馆 | |
| 3 | 2001064978 | 2001064978 | 东辅楼二楼书库/ [索取号:P21/23] | 在馆 | |
| 4 | 2001064979 | 2001064979 | 东辅楼二楼书库/ [索取号:P21/23] | 在馆 | |
| 5 | 2001064980 | 2001064980 | 东辅楼二楼书库/ [索取号:P21/23] | 在馆 | |
| 6 | 2001064981 | 2001064981 | 东辅楼二楼书库/ [索取号:P21/23] | 在馆 | |
| 7 | 2001064982 | 2001064982 | 东辅楼二楼书库/ [索取号:P21/23] | 在馆 | |
| 8 | 2001064983 | 2001064983 | 东辅楼二楼书库/ [索取号:P21/23] | 在馆 | |
| 9 | 2001064984 | 2001064984 | 东辅楼二楼书库/ [索取号:P21/23] | 在馆 | |
| 10 | 2001064985 | 2001064985 | 东辅楼二楼书库/ [索取号:P21/23] | 在馆 | |
| 11 | 2001064986 | 2001064986 | 东辅楼二楼书库/ [索取号:P21/23] | 在馆 | |
| 12 | 2001064987 | 2001064987 | 东辅楼二楼书库/ [索取号:P21/23] | 在馆 | |
| 13 | 2001064988 | 2001064988 | 东辅楼二楼书库/ [索取号:P21/23] | 在馆 | |
| 14 | 2001064989 | 2001064989 | 东辅楼二楼书库/ [索取号:P21/23] | 在馆 | |
| 15 | 2001064990 | 2001064990 | 东辅楼二楼书库/ [索取号:P21/23] | 在馆 | |
| 16 | 2001064991 | 2001064991 | 东辅楼二楼书库/ [索取号:P21/23] | 在馆 | |
| 17 | 2001064992 | 2001064992 | 东辅楼二楼书库/ [索取号:P21/23] | 在馆 | |
| 18 | 2001064993 | 2001064993 | 东辅楼二楼书库/ [索取号:P21/23] | 在馆 | |
| 19 | 2001064994 | 2001064994 | 东辅楼二楼书库/ [索取号:P21/23] | 在馆 | |
| 20 | 2001064995 | 2001064995 | 东辅楼二楼书库/ [索取号:P21/23] | 在馆 | |
| 21 | 2001064996 | 2001064996 | 东辅楼二楼书库/ [索取号:P21/23] | 在馆 | |
| 22 | 2001064997 | 2001064997 | 东辅楼二楼书库/ [索取号:P21/23] | 在馆 | |
| 23 | 2001064998 | 2001064998 | 东辅楼二楼书库/ [索取号:P21/23] | 在馆 | |
| 24 | 2001064999 | 2001064999 | 东辅楼二楼书库/ [索取号:P21/23] | 在馆 | |
| 25 | 2001065000 | 2001065000 | 东辅楼二楼书库/ [索取号:P21/23] | 在馆 | |
| 26 | 2001065001 | 2001065001 | 东辅楼二楼书库/ [索取号:P21/23] | 在馆 | |
| 27 | 2001065002 | 2001065002 | 东辅楼二楼书库/ [索取号:P21/23] | 在馆 | |
| 28 | 2001065003 | 2001065003 | 东辅楼二楼书库/ [索取号:P21/23] | 在馆 | |
| 29 | 2001065004 | 2001065004 | 东辅楼二楼书库/ [索取号:P21/23] | 在馆 | |
| 30 | 2001065005 | 2001065005 | 东辅楼二楼书库/ [索取号:P21/23] | 在馆 |